Statistical tables : for biological, agricultural and medical research /

Guardado en:
Autor Principal: Fisher, Ronald Aylmer, Sir, 1890-1962.
Otros Autores: Yates, Frank.
Formato: Libro
Idioma:English
Publicado: Edinburgh : Oliver and Boyd, 1957.
Edición:5th ed., rev. and enl.
Etiquetas: Agregar Etiqueta
Sin Etiquetas, Sea el primero en etiquetar este registro!
LEADER 00562nam a22001575a 4500
001 MAT.inmabb000609
008 031118s1957####stk###########001#0#eng#d
005 20160413121505.0
245 1 0 |a Statistical tables :  |b for biological, agricultural and medical research /  |c by Ronald A. Fisher and Frank Yates. 
250 |a 5th ed., rev. and enl. 
260 |a Edinburgh :  |b Oliver and Boyd,  |c 1957. 
300 |a x, 138 p. ;  |c 29 cm. 
100 1 |a Fisher, Ronald Aylmer,  |c Sir,  |d 1890-1962. 
700 1 |a Yates, Frank. 
084 |a 62Q05  |2 msc2000 
859 |h 62  |i F533-5  |p A-413  |b BIB. MATEMATICA